[Event "Madrid Chamartin op 7th"]
[Site "Madrid"]
[Date "2018.09.08"]
[Round "8"]
[White "Clavero Alarcon, Jose Miguel"]
[Black "Mkrtchyan, Levon"]
[Result "0-1"]
[WhiteElo "1840"]
[BlackElo "2116"]
[PlyCount "64"]
[EventDate "2018.09.03"]
[EventType "swiss"]
[EventRounds "9"]
[EventCountry "ESP"]
[SourceTitle "CBM 187 Extra"]
[Source "ChessBase"]
[SourceDate "2018.11.04"]
[SourceVersion "1"]
[SourceVersionDate "2018.11.04"]
[SourceQuality "1"]

1. e4 e6 2. d4 d5 3. Nd2 Be7 4. Bd3 c5 5. c3 Nc6 6. Ne2 cxd4 7. cxd4 dxe4 8. Nxe4 Nf6 9. 0-0 0-0 10. N4c3 Nd5 11. Ne4 Qb6 12. Bg5 Nxd4 13. N2g3 f5 14. Qh5 g6 15. Qh4 fxe4 16. Bxe7 Nxe7 17. Qxe7 exd3 18. Ne4 Ne2+ 19. Kh1 Qd4 20. Nc5 Nf4 21. Rad1 b6 22. Nb3 Qe4 23. Qg5 Bb7 24. f3 Qe2 25. Nc1 Qc2 26. Nxd3 Nxd3 27. Rd2 Qc4 28. b3 Qc5 29. Qh6 Rad8 30. b4 Nf2+ 31. Kg1 Ng4+ 32. Rdf2 Qxf2+ 0-1

[Event "Douglas IoM Major op"]
[Site "Douglas"]
[Date "2017.09.29"]
[Round "5"]
[White "Clavero Alarcon, Jose Miguel"]
[Black "Miah, Zahed"]
[Result "1-0"]
[WhiteElo "1824"]
[BlackElo "1784"]
[PlyCount "53"]
[EventDate "2017.09.25"]
[EventType "swiss"]
[EventRounds "7"]
[EventCountry "IOM"]
[SourceTitle "CBM 181 Extra"]
[Source "ChessBase"]
[SourceDate "2017.12.12"]
[SourceVersion "1"]
[SourceVersionDate "2017.12.12"]
[SourceQuality "1"]

1. e4 c5 2. Nf3 d6 3. d4 cxd4 4. Nxd4 Nf6 5. Nc3 a6 6. g3 g6 7. Bg2 Bg7 8. 0-0 Bd7 9. a4 Nc6 10. Nxc6 bxc6 11. e5 dxe5 12. Qe2 0-0 13. a5 Rb8 14. Be3 Nd5 15. Nxd5 cxd5 16. Bb6 Qc8 17. Bxd5 Bb5 18. c4 Bc6 19. Rac1 e6 20. Bxc6 Qxc6 21. b4 Rfc8 22. b5 Qa8 23. Rfd1 Rb7 24. c5 axb5 25. c6 Rxb6 26. axb6 Rxc6 27. Qe4 1-0

[Event "Madrid Chamartin op 6th"]
[Site "Madrid"]
[Date "2017.09.10"]
[Round "9"]
[White "Juzgado Niella, Angel Luis"]
[Black "Clavero Alarcon, Jose Miguel"]
[Result "1/2-1/2"]
[WhiteElo "1620"]
[BlackElo "1824"]
[PlyCount "44"]
[EventDate "2017.09.04"]
[EventType "swiss"]
[EventRounds "9"]
[EventCountry "ESP"]
[SourceTitle "CBM 180 Extra"]
[Source "ChessBase"]
[SourceDate "2017.10.06"]
[SourceVersion "1"]
[SourceVersionDate "2017.10.06"]
[SourceQuality "1"]

1. e4 c5 2. Nf3 e6 3. d4 cxd4 4. Nxd4 a6 5. Nc3 b5 6. Be3 Bb7 7. f3 Nf6 8. Qd2 Qc7 9. g4 h6 10. Nce2 Nc6 11. Nxc6 dxc6 12. 0-0-0 Nd7 13. Bf4 e5 14. Be3 0-0-0 15. Ng3 g5 16. Qf2 Be7 17. h4 Qa5 18. Kb1 Nc5 19. Bh3 Ne6 20. Bb6 Rxd1+ 21. Rxd1 Qb4 22. a3 Qa4 1/2-1/2

[Event "Madrid Chamartin op 6th"]
[Site "Madrid"]
[Date "2017.09.05"]
[Round "3"]
[White "Lozano Freras, Sergio"]
[Black "Clavero Alarcon, Jose Miguel"]
[Result "1-0"]
[WhiteElo "1969"]
[BlackElo "1824"]
[PlyCount "63"]
[EventDate "2017.09.04"]
[EventType "swiss"]
[EventRounds "9"]
[EventCountry "ESP"]
[SourceTitle "CBM 180 Extra"]
[Source "ChessBase"]
[SourceDate "2017.10.06"]
[SourceVersion "1"]
[SourceVersionDate "2017.10.06"]
[SourceQuality "1"]

1. e4 c5 2. Nf3 e6 3. d4 cxd4 4. Nxd4 a6 5. Bd3 Nf6 6. 0-0 d6 7. Nc3 Be7 8. f4 Nbd7 9. Qe2 Qc7 10. Kh1 b6 11. Bd2 Bb7 12. Rae1 h5 13. Bc4 Nc5 14. e5 dxe5 15. fxe5 Ng4 16. b4 Qd7 17. Be3 Nxe3 18. Qxe3 h4 19. h3 0-0-0 20. Rd1 Qe8 21. bxc5 Bxc5 22. Nce2 Rh6 23. Bd3 f5 24. exf6 e5 25. f7 Qe7 26. f8Q Rxf8 27. Rxf8+ Qxf8 28. Qxe5 Bd6 29. Qf5+ Qxf5 30. Nxf5 Rf6 31. Nxd6+ Rxd6 32. Rf1 1-0

[Event "San Sebastian de los Reyes op 17th"]
[Site "San Sebastian"]
[Date "2015.12.08"]
[Round "9"]
[White "Clavero Alarcon, Jose Miguel"]
[Black "Lozano Suarez, Luis Miguel"]
[Result "1/2-1/2"]
[WhiteElo "1873"]
[BlackElo "2136"]
[PlyCount "37"]
[EventDate "2015.11.30"]
[EventType "swiss"]
[EventRounds "9"]
[EventCountry "ESP"]
[SourceTitle "CBM 170 Extra"]
[Source "ChessBase"]
[SourceDate "2016.02.25"]
[SourceVersion "1"]
[SourceVersionDate "2016.02.25"]
[SourceQuality "1"]

1. c4 Nf6 2. g3 e5 3. Bg2 d5 4. cxd5 Nxd5 5. Nc3 Nb6 6. Nf3 Nc6 7. 0-0 Be7 8. a3 a5 9. d3 Be6 10. Be3 Nd5 11. Nxd5 Bxd5 12. d4 exd4 13. Nxd4 Bxg2 14. Kxg2 Nxd4 15. Qxd4 Qxd4 16. Bxd4 0-0 17. Rac1 Bd6 18. e4 f6 19. f4 1/2-1/2

[Event "San Sebastian de los Reyes op 17th"]
[Site "San Sebastian"]
[Date "2015.12.06"]
[Round "7"]
[White "Clavero Alarcon, Jose Miguel"]
[Black "Esquivias Gomez, Francisco Javier"]
[Result "1/2-1/2"]
[WhiteElo "1873"]
[BlackElo "2029"]
[PlyCount "93"]
[EventDate "2015.11.30"]
[EventType "swiss"]
[EventRounds "9"]
[EventCountry "ESP"]
[SourceTitle "CBM 170 Extra"]
[Source "ChessBase"]
[SourceDate "2016.02.25"]
[SourceVersion "1"]
[SourceVersionDate "2016.02.25"]
[SourceQuality "1"]

1. c4 e5 2. g3 Nc6 3. Nc3 f5 4. Bg2 Nf6 5. e4 d6 6. Nge2 Be7 7. 0-0 0-0 8. d3 Qe8 9. Nd5 Bd8 10. Nec3 Nd4 11. Be3 c6 12. Nxf6+ Bxf6 13. Qd2 f4 14. gxf4 exf4 15. Bxf4 Bh3 16. Bg3 Nf3+ 17. Bxf3 Bxc3 18. Qe3 Bd2 19. Qxd2 Rxf3 20. Rfe1 Qh5 21. e5 dxe5 22. d4 Rd8 23. d5 Qf5 24. Rad1 e4 25. Qd4 Rd3 26. Rxd3 exd3 27. Re7 Qg6 28. f4 cxd5 29. cxd5 Bf5 30. Qe5 Kf8 31. Rxb7 Re8 32. Rb8 Bc8 33. Qc3 Qf5 34. Qc5+ Kg8 35. Qc6 Rf8 36. Qc3 Qxd5 37. Be1 Be6 38. Rxf8+ Kxf8 39. Bd2 Kf7 40. Qe5 Qxe5 41. fxe5 Bxa2 42. Kf2 Ke6 43. Bc3 Kd5 44. e6 Kxe6 45. Bxg7 Kd5 46. Ke3 Bc4 47. Bc3 1/2-1/2

[Event "San Sebastian de los Reyes op 17th"]
[Site "San Sebastian"]
[Date "2015.12.05"]
[Round "6"]
[White "Rodriguez Bernal, Herman"]
[Black "Clavero Alarcon, Jose Miguel"]
[Result "0-1"]
[WhiteElo "1773"]
[BlackElo "1873"]
[PlyCount "64"]
[EventDate "2015.11.30"]
[EventType "swiss"]
[EventRounds "9"]
[EventCountry "ESP"]
[SourceTitle "CBM 170 Extra"]
[Source "ChessBase"]
[SourceDate "2016.02.25"]
[SourceVersion "1"]
[SourceVersionDate "2016.02.25"]
[SourceQuality "1"]

1. Nf3 d5 2. d4 c6 3. c4 Nf6 4. cxd5 cxd5 5. Nc3 Nc6 6. e3 Bf5 7. Bd3 g6 8. 0-0 Bg7 9. Bxf5 gxf5 10. b3 0-0 11. Bb2 Rc8 12. Rc1 Ne4 13. a3 Qd6 14. Ne2 Na5 15. Qd3 Qb6 16. Nf4 e6 17. Ne5 Qxb3 18. Qe2 Nf6 19. g4 Nc4 20. gxf5 Qxb2 21. Rc2 Qxa3 22. Kh1 Qd6 23. Nxf7 Rxf7 24. fxe6 Re7 25. Rg1 Rxe6 26. Nxe6 Qxe6 27. f3 Re8 28. Qg2 Re7 29. Re2 Nd6 30. Qg5 Qf5 31. Qg3 Nde8 32. e4 dxe4 0-1

[Event "San Sebastian de los Reyes op 17th"]
[Site "San Sebastian"]
[Date "2015.11.30"]
[Round "1"]
[White "Clavero Alarcon, Jose Miguel"]
[Black "Lozano Hernanz, Rodrigo"]
[Result "1-0"]
[WhiteElo "1873"]
[BlackElo "1399"]
[PlyCount "49"]
[EventDate "2015.11.30"]
[EventType "swiss"]
[EventRounds "9"]
[EventCountry "ESP"]
[SourceTitle "CBM 170 Extra"]
[Source "ChessBase"]
[SourceDate "2016.02.25"]
[SourceVersion "1"]
[SourceVersionDate "2016.02.25"]
[SourceQuality "1"]

1. c4 e5 2. g3 Nf6 3. Bg2 Nc6 4. Nc3 Bb4 5. Nd5 Bc5 6. e3 d6 7. Ne2 0-0 8. 0-0 Nb4 9. d4 Bb6 10. Nxb4 Be6 11. Nd5 c6 12. Nxb6 Qxb6 13. b3 Rac8 14. Bd2 Rfd8 15. Qe1 Qa6 16. f3 c5 17. Bc3 d5 18. dxe5 Ne8 19. cxd5 Bxd5 20. e4 Bc6 21. Bh3 Rc7 22. e6 Bb5 23. Rf2 c4 24. Nf4 Rd6 25. Be5 1-0

[Event "Madrid San Viator op 25th"]
[Site "Madrid"]
[Date "2015.10.25"]
[Round "5"]
[White "Soto Martin, Pablo"]
[Black "Clavero Alarcon, Jose Miguel"]
[Result "1-0"]
[WhiteElo "1956"]
[BlackElo "1873"]
[PlyCount "84"]
[EventDate "2015.10.04"]
[EventType "swiss"]
[EventRounds "9"]
[EventCountry "ESP"]
[SourceTitle "CBM 169 Extra"]
[Source "ChessBase"]
[SourceDate "2015.12.18"]
[SourceVersion "1"]
[SourceVersionDate "2015.12.18"]
[SourceQuality "1"]

1. e4 e6 2. d4 d5 3. Nc3 Nf6 4. e5 Nfd7 5. f4 c5 6. Nf3 Nc6 7. Be3 a6 8. Qd2 b5 9. dxc5 Bxc5 10. Bd3 d4 11. Nxd4 Nxd4 12. Ne4 Ba7 13. Nd6+ Kf8 14. Be4 Qb6 15. Bxd4 Qxd4 16. Qxd4 Bxd4 17. Bxa8 Bxb2 18. Rd1 Ke7 19. Ke2 Nb6 20. Bc6 Na4 21. Ke3 Nc3 22. Rd3 f6 23. exf6+ gxf6 24. Ne4 Nxa2 25. Rb3 Bc1+ 26. Kf3 f5 27. Nf2 Kd6 28. Ba8 Bd7 29. Bb7 Rb8 30. Bxa6 Bc6+ 31. Ke2 Bxf4 32. Nd3 Bxg2 33. Rd1 Bxh2 34. Nb4+ Ke5 35. Nxa2 Bd5 36. Ra3 Bf4 37. Nb4 Be4 38. Rh3 Rg8 39. Nd3+ Bxd3+ 40. Kxd3 Rg3+ 41. Ke2 Rc3 42. Re1 Bg3 1-0

[Event "Madrid-chB"]
[Site "Madrid"]
[Date "2000.??.??"]
[Round "7"]
[White "Calleja Fernandez, Felix"]
[Black "Clavero Alarcon, Jose Miguel"]
[Result "1-0"]
[WhiteElo "2005"]
[BlackElo "1935"]
[PlyCount "83"]
[EventDate "2000.??.??"]
[EventType "swiss"]
[EventRounds "9"]
[EventCountry "ESP"]
[SourceTitle "EXT 2003"]
[Source "ChessBase"]
[SourceDate "2002.11.25"]
[SourceVersion "1"]
[SourceVersionDate "2002.11.25"]
[SourceQuality "1"]

1. d4 Nf6 2. c4 e6 3. Nf3 b6 4. g3 Bb7 5. Bg2 Be7 6. 0-0 0-0 7. b3 Ne4 8. Nfd2 f5 9. Qc2 d5 10. Bb2 Nd7 11. f3 Nd6 12. c5 bxc5 13. dxc5 Nxc5 14. Qxc5 Nc4 15. Qb5 a6 16. Qxb7 Na5 17. Qxa8 Qxa8 18. e4 Qa7+ 19. Kh1 f4 20. exd5 exd5 21. Nc3 c6 22. Rae1 Qc7 23. g4 Nb7 24. Re2 Bh4 25. Na4 Qf7 26. Rc1 Qg6 27. Bf1 h5 28. Rg2 Kf7 29. gxh5 Qxh5 30. Rxg7+ Ke8 31. Rxb7 Bg3 32. h3 Qg6 33. Bxa6 Qe6 34. Bf1 Rf5 35. Rxc6 Qxc6 36. Bb5 Qxb5 37. Rxb5 Rg5 38. Ne4 Rg6 39. Rxd5 Bh4 40. Nac5 Kf8 41. Bc3 Kg8 42. Rd6 1-0